000 00824nam a2200229 i 4500
001 40998
003 ES-MaACL
005 20250702194319.0
007 t|
008 030307s1931 sp ||||1| spa d
100 0 _aCarlyle, Thomas,
_d1795-1881
_935316
245 1 0 _aHistoria de la Revolución francesa :
_bla Constitución /
_cThomas Carlyle ; [versión española de Iberia (¿seud.?)].
250 _a1ª ed.
260 _aBarcelona :
_bJoaquín Gil,
_c1931 (
_fImpresos Costa)
300 _a403 p., [52] h. de lám. ;
_c22 cm.
599 _aVol. il. con 142 grabados.
610 1 4 _aFrancia.
_tConstitution, 1791
_9172523
650 4 _aDerecho constitucional-
_zFrancia.
_9152211
651 4 _aFrancia-
_xHistoria-
_y1789-1799, Revolución
_98685
852 _aES-MaACL
_jA-248
999 _c40998
_d40998